<?xml version="1.0" encoding="UTF-8"?><?xml-stylesheet type="text/xsl" href="static/style.xsl"?><OAI-PMH xmlns="http://www.openarchives.org/OAI/2.0/" xmlns:xsi="http://www.w3.org/2001/XMLSchema-instance" xsi:schemaLocation="http://www.openarchives.org/OAI/2.0/ http://www.openarchives.org/OAI/2.0/OAI-PMH.xsd"><responseDate>2026-04-17T06:17:04Z</responseDate><request verb="GetRecord" identifier="oai:www.recercat.cat:10256/24551" metadataPrefix="marc">https://recercat.cat/oai/request</request><GetRecord><record><header><identifier>oai:recercat.cat:10256/24551</identifier><datestamp>2024-06-18T13:59:03Z</datestamp><setSpec>com_2072_452955</setSpec><setSpec>com_2072_2054</setSpec><setSpec>col_2072_453073</setSpec></header><metadata><record xmlns="http://www.loc.gov/MARC21/slim" xmlns:dcterms="http://purl.org/dc/terms/" xmlns:xsi="http://www.w3.org/2001/XMLSchema-instance" xmlns:doc="http://www.lyncode.com/xoai" xsi:schemaLocation="http://www.loc.gov/MARC21/slim http://www.loc.gov/standards/marcxml/schema/MARC21slim.xsd">
   <leader>00925njm 22002777a 4500</leader>
   <datafield ind2=" " ind1=" " tag="042">
      <subfield code="a">dc</subfield>
   </datafield>
   <datafield ind2=" " ind1=" " tag="720">
      <subfield code="a">George, Gibu</subfield>
      <subfield code="e">author</subfield>
   </datafield>
   <datafield ind2=" " ind1=" " tag="720">
      <subfield code="a">Poater Teixidor, Albert</subfield>
      <subfield code="e">author</subfield>
   </datafield>
   <datafield ind2=" " ind1=" " tag="720">
      <subfield code="a">Solà i Puig, Miquel</subfield>
      <subfield code="e">author</subfield>
   </datafield>
   <datafield ind2=" " ind1=" " tag="720">
      <subfield code="a">Posada-Pérez, Sergio</subfield>
      <subfield code="e">author</subfield>
   </datafield>
   <datafield ind2=" " ind1=" " tag="260">
      <subfield code="c">2024-02-05</subfield>
   </datafield>
   <datafield ind2=" " ind1=" " tag="520">
      <subfield code="a">Aqueous lithium-ion batteries (ALIBs) are attracting significant attention as promising candidates for safe and sustainable energy storage systems. This paper delves into the crucial aspects of ALIB technology focusing on the interaction between LiCoO2 (lithium cobalt oxide) cathode material and water electrolytes, with a specific emphasis on the Oxygen Evolution Reaction (OER) process. Fundamental understanding of the electrochemical behavior of LiCoO2 in aqueous electrolytes is crucial for enhancing the performance, safety, and longevity of ALIBs using LiCoO2 as the cathode material. Through a comprehensive periodic density functional analysis of the LiCoO2-water at the cathode interface, the potential catalytic contributions to the OER mechanism of LiCoO2 are explored. The catalytic properties of LiCoO2 towards OER are investigated considering different steady states of the lowest energy surfaces of LiCoO2 and three different Li concentrations. Our results do not predict the formation of oxygen gas due to the expected large overpotentials, although the exergonic water decomposition to hydroxyl by means the first proton-electron transfer is predicted at equilibrium potential. This work contributes to the fundamental understanding of LiCoO2 as cathode for aqueous Li-ion batteries, reporting the pros and cons of one of the most common cathode materials for traditional non-aqueous batteries</subfield>
   </datafield>
   <datafield ind2=" " ind1=" " tag="520">
      <subfield code="a">S.P.-P.appreciates the economic support of Marie Curie fellowship (H2020-MSCA-IF-2020-101020330). A.P. is a SerraHúnter Fellow and received the ICREA Academia Prize 2019. M.S. and A.P. thank the Spanish MINECO for projects PID2020-113711GB-I00 and PGC2018-097722-B-I00, and the Generalitat de Catalunya for project 2021 SGR 623. Computational time at the MARENOSTRUM supercomputer has been provided by the Barcelona Supercomputing Centre through a grant fromRed Española de Supercomputación, project (QHS-2022-3-0002)</subfield>
   </datafield>
   <datafield ind2=" " ind1=" " tag="520">
      <subfield code="a">Open Access funding provided thanks to the CRUE-CSIC agreement with Wiley</subfield>
   </datafield>
   <datafield ind1="8" ind2=" " tag="024">
      <subfield code="a">http://hdl.handle.net/10256/24551</subfield>
   </datafield>
   <datafield tag="653" ind2=" " ind1=" ">
      <subfield code="a">Bateries d'ió liti</subfield>
   </datafield>
   <datafield tag="653" ind2=" " ind1=" ">
      <subfield code="a">Lithium ion batteries</subfield>
   </datafield>
   <datafield ind2="0" ind1="0" tag="245">
      <subfield code="a">Unveiling Oxygen Evolution Reaction on LiCoO2 cathode: Insights for the Development of High-Performance Aqueous Li-ion Batteries</subfield>
   </datafield>
</record></metadata></record></GetRecord></OAI-PMH>